000 00387nam a2200121Ia 4500
008 151213s9999 xx 000 0 und d
245 _aসোনা আর ঘাসের বনিবনা।
260 _aঢাকা
_bকালধারা প্রকাশনূী।
_c1996
300 _a8833 p.
650 _aBangla
650 _aগল্পগ্রন্থ।
999 _c4618
_d4618